000 00643nam a2200277Ia 4500
008 181129s9999 xx 000 0 und d
020 _a9780062286994
050 _bR111 2016
100 _aRaasch, Sara
245 0 _aFrost like night /
245 0 _cby Sara Raasch.
260 _aNew York, NY :
260 _bBalzer + Bray,
260 _c2016
300 _a488 pages :
300 _billustrations ;
300 _c20cm.
440 _aSnow like ashes.
650 _aFantasy.
650 _aMagic.
650 _aOrphans.
650 _aQuests (Expeditions).
650 _aSlavery.
700 _aSeries.
700 _aTitle.
999 _c360149
_d360149